The revelation of the seven seals by our precious brother William Marrion Branham; book 10. (Record no. 2061)

000 -LEADER
fixed length control field 00583nam a2200169 a 4500
001 - CONTROL NUMBER
control field :::00019022$&:&@@
003 - CONTROL NUMBER IDENTIFIER
control field OkBaRHE
005 - DATE AND TIME OF LATEST TRANSACTION
control field 20100327143416.0
008 - FIXED-LENGTH DATA ELEMENTS--GENERAL INFORMATION
fixed length control field s1967 j 000 0 eng u
040 ## - CATALOGING SOURCE
Transcribing agency
100 1# - MAIN ENTRY--PERSONAL NAME
Personal name Branham, William Marrion (1909-1965)
245 14 - TITLE STATEMENT
Title The revelation of the seven seals by our precious brother William Marrion Branham; book 10.
260 ## - PUBLICATION, DISTRIBUTION, ETC. (IMPRINT)
Place of publication, distribution, etc Tuscon, Arizona
Name of publisher, distributor, etc Spoken Word Publication
Date of publication, distribution, etc 1967
300 ## - PHYSICAL DESCRIPTION
Extent 55 p.
942 ## - ADDED ENTRY ELEMENTS (KOHA)
Source of classification or shelving scheme
Koha item type Books
Copies
Permanent Location Source of classification or shelving scheme Withdrawn status Price effective from Date last seen Copy number Damaged status Full call number Barcode Lost status Shelving location Not for loan Collection code Koha item type Date acquired
RHEMA Bible Training College  2010-04-142018-04-031 BS 2825.4 .B719022 General Stacks ReferenceBooks2010-04-14